000
00228nam a2200097Ia 4500
008
170619s9999 xx 000 0 und d
100
_a
DHAMEJA DHAMEJA
245
0
_a
INDUSTRIAL PSYCHOLOGY
260
_b
Kataria and Sons
260
_c
2009
546
_a
ENGLISH
999
_c
19018
_d
19018